00859nac a22002171u 4500010001600000082001800016090001500034100003400049245006400083260009000147300004500237490004100282511002600323650004600349650004200395710003300437830003000470942002000500999001500520952010600535 a 8515406500a624.1834bDES c8469d8469 a20080729 00aDesign of structural concrete/cAmerican Concrete Institute aDetroit, Mich. (Box 19150, Detroit 48219) :bAmerican Concrete Institute,1985cc1985. a1 v. (various pagings) :bill. ;c28 cm.1 aComputer program series ;vCOM-2(85) acatalogued by: wessam 0aConcrete constructionxComputer programs. 0aStructural designxComputer programs.2 aAmerican Concrete Institute. 0aComputer program series ; cBBk624.1834DES c8469d8469 00104070aMAINbMAINc1STd2010-03-08ePurchasel0o624.1834DESp000009916r2025-07-15 00:00:00yBB